书目信息 |
| 题名: |
论高等工程专科教育
|
|
| 作者: | 杨诚芳 著 | |
| 分册: | ||
| 出版信息: | 中国水利水电出版社 1996.06 |
|
| 页数: | 291页 | |
| 开本: | 20cm | |
| 丛书名: | ||
| 单 册: | ||
| 中图分类: | G719.21 | |
| 科图分类: | ||
| 主题词: | 教育--类型 | |
| 电子资源: | ||
| ISBN: | 7-80124-122-3 | |
| 000 | 00548nam0 2200181 450 | |
| 001 | 0635929681 | |
| 005 | 20060114100055.18 | |
| 010 | @a7-80124-122-3@dCNY22.00 | |
| 100 | @a20060114d1996 km y0chiy0120 ea | |
| 101 | 0 | @achi |
| 200 | 1 | @a论高等工程专科教育@Alun gao deng gong cheng zhuan ke jiao yu@f杨诚芳等著@Fyang cheng fang deng zhu |
| 210 | @c中国水利水电出版社@d1996.06 | |
| 215 | @a291页@d20cm | |
| 606 | 0 | @a教育@x类型 |
| 690 | @aG719.21@v3 | |
| 701 | 0 | @a杨诚芳@Ayang cheng fang@4著 |
| 801 | 0 | @aCN@bPFT@c20060114 |
| 905 | @a10447@dG719.21@eY150 | |
| 论高等工程专科教育/杨诚芳等著.-中国水利水电出版社,1996.06 |
| 291页;20cm |
| ISBN 7-80124-122-3:CNY22.00 |
| ● |
| 相关链接 |
|
|
|
正题名:论高等工程专科教育
索取号:G719.21/Y150
 
预约/预借
| 序号 | 登录号 | 条形码 | 馆藏地/架位号 | 状态 | 备注 |
| 1 | 442621 | 204426219 | 社科库409/409社科库 16排3列1层/ [索取号:G719.21/Y150] | 在馆 |